[Event "10th Vellmar Chess Days"]
[Site "chess24.com"]
[Date "2018.07.14"]
[Round "4.22"]
[White "Pfitzenreuter, Gerald"]
[Black "Rehbein, Ullrich"]
[Result "1-0"]
[WhiteElo "2071"]
[BlackElo "1756"]
[PlyCount "65"]
[EventDate "2018.??.??"]
[WhiteTeam "Deutschland"]
[BlackTeam "Deutschland"]
[WhiteTeamCountry "GER"]
[BlackTeamCountry "GER"]
[WhiteClock "1:30:30"]
[BlackClock "1:30:30"]

1. d4 d5 2. Nf3 Nf6 3. c4 c5 4. cxd5 cxd4 5. Qxd4 Qxd5 6. Nc3 Qxd4 7. Nxd4 Nc6
8. Nxc6 bxc6 9. e4 e6 10. Bf4 Bb4 11. f3 a5 12. Rc1 a4 13. a3 Ba5 14. Bd6 Nd7
15. Be2 Ba6 16. Bxa6 Rxa6 17. Ke2 Bb6 18. Na2 Bd4 19. Nb4 Rb6 20. Rxc6 Rxc6 21.
Nxc6 Bxb2 22. Rb1 Bf6 23. Rb4 g6 24. e5 Bg7 25. Rxa4 Nb6 26. Ra6 Nd5 27. Ra7 h5
28. Nb4 Nc3+ 29. Kd3 Nb5 30. Re7+ Kf8 31. Rb7+ Nxd6 32. exd6 Ke8 33. d7+ 1-0

[Event "10th Vellmar Chess Days"]
[Site "chess24.com"]
[Date "2018.07.14"]
[Round "4.23"]
[White "Krausse, Eckhard"]
[Black "Pabst, Olaf"]
[Result "1-0"]
[WhiteElo "1974"]
[BlackElo "1593"]
[PlyCount "47"]
[EventDate "2018.??.??"]
[WhiteTeam "Deutschland"]
[BlackTeam "Deutschland"]
[WhiteTeamCountry "GER"]
[BlackTeamCountry "GER"]
[WhiteClock "1:30:30"]
[BlackClock "1:30:30"]

1. e4 d5 2. exd5 Nf6 3. d4 Bg4 4. Be2 Bxe2 5. Nxe2 Qxd5 6. O-O Nc6 7. b3 O-O-O
8. c4 Qh5 9. Bb2 e6 10. Nd2 Bd6 11. Nf3 Rhg8 12. b4 Kb8 13. c5 Be7 14. b5 Nb4
15. Qa4 Nbd5 16. Ng3 Qh6 17. Ne5 Rdf8 18. Rab1 Qg5 19. Nc6+ bxc6 20. bxc6 Ka8
21. Bc1 Nf4 22. Qa6 Rb8 23. Rb7 Bxc5 24. dxc5 1-0

[Event "10th Vellmar Chess Days"]
[Site "chess24.com"]
[Date "2018.07.14"]
[Round "4.24"]
[White "Jungklaus, Lars"]
[Black "Braun, Ingram"]
[Result "1/2-1/2"]
[WhiteElo "1742"]
[BlackElo "2065"]
[PlyCount "33"]
[EventDate "2018.??.??"]
[WhiteTeam "Deutschland"]
[BlackTeam "Deutschland"]
[WhiteTeamCountry "GER"]
[BlackTeamCountry "GER"]
[WhiteClock "1:30:30"]
[BlackClock "1:30:30"]

1. d4 c5 2. Nf3 cxd4 3. Nxd4 d5 4. Nc3 Nf6 5. Bg5 e6 6. e4 dxe4 7. Nxe4 Qa5+ 8.
Qd2 Qxd2+ 9. Nxd2 a6 10. O-O-O Bc5 11. N4b3 Be7 12. g3 Bd7 13. Bg2 Bc6 14.
Bxc6+ Nxc6 15. Nc4 Nd5 16. Bxe7 Kxe7 17. Nd4 1/2-1/2

[Event "10th Vellmar Chess Days"]
[Site "chess24.com"]
[Date "2018.07.14"]
[Round "4.25"]
[White "Kanbach, Mike"]
[Black "Hehn, Hartmut"]
[Result "0-1"]
[WhiteElo "1817"]
[BlackElo "2046"]
[PlyCount "86"]
[EventDate "2018.??.??"]
[WhiteTeam "Deutschland"]
[BlackTeam "Deutschland"]
[WhiteTeamCountry "GER"]
[BlackTeamCountry "GER"]
[WhiteClock "1:30:30"]
[BlackClock "1:30:30"]

1. Nf3 f5 2. d4 Nf6 3. Bg5 e6 4. Nbd2 d5 5. e3 Be7 6. Bxf6 Bxf6 7. c4 O-O 8.
Bd3 Nc6 9. a3 a5 10. Qc2 g6 11. O-O Kg7 12. Rac1 Rf7 13. Nb1 h6 14. Nc3 Ne7 15.
b4 axb4 16. axb4 dxc4 17. Bxc4 Nd5 18. Qb3 c6 19. Ra1 Bd7 20. Qb2 Rxa1 21. Rxa1
Qb6 22. Bxd5 cxd5 23. b5 Rf8 24. Na4 Qxb5 25. Qxb5 Bxb5 26. Nc5 Re8 27. Nxb7
Re7 28. Nc5 e5 29. dxe5 Bxe5 30. Nxe5 Rxe5 31. Nb3 Kf6 32. Nd4 Bc4 33. h3 Re4
34. Nf3 Re7 35. Rb1 Re6 36. Rb8 Ra6 37. Rb2 g5 38. Nd2 Ke5 39. f3 f4 40. Nxc4+
dxc4 41. Rb5+ Kd6 42. e4 Ra1+ 43. Kf2 c3 0-1

[Event "10th Vellmar Chess Days"]
[Site "chess24.com"]
[Date "2018.07.14"]
[Round "4.26"]
[White "Brouer, Pieter"]
[Black "Michels, Fabio"]
[Result "1-0"]
[WhiteElo "2026"]
[BlackElo "1729"]
[PlyCount "93"]
[EventDate "2018.??.??"]
[WhiteTeam "Deutschland"]
[BlackTeam "Deutschland"]
[WhiteTeamCountry "GER"]
[BlackTeamCountry "GER"]
[WhiteClock "1:30:30"]
[BlackClock "1:30:30"]

1. g3 c5 2. Bg2 Nc6 3. f4 d5 4. Nf3 g6 5. O-O Bg7 6. d3 Nf6 7. c3 O-O 8. Na3 e6
9. e3 a6 10. Qe2 b5 11. e4 c4 12. e5 cxd3 13. Qxd3 Ne4 14. Be3 Bd7 15. Nc2 Na5
16. Bd4 Qc7 17. Ne3 Rfc8 18. Nd2 Nxd2 19. Qxd2 Nc6 20. g4 Nxd4 21. cxd4 Bh6 22.
Rf2 Qb6 23. Kh1 Rc7 24. h4 Rac8 25. Raf1 a5 26. h5 b4 27. hxg6 hxg6 28. Rf3 Bb5
29. R1f2 Qc6 30. Bf1 Qc1 31. Qxc1 Rxc1 32. Kg2 Bxf1+ 33. Rxf1 a4 34. g5 Bf8 35.
Rxc1 Rxc1 36. Rf1 Rc8 37. Rf2 b3 38. axb3 axb3 39. Kf3 Ra8 40. Ke2 Ra1 41. Ng4
Bb4 42. Nf6+ Kf8 43. Rh2 Re1+ 44. Kf2 Rxe5 45. fxe5 Be1+ 46. Kxe1 Ke7 47. Rh3
1-0

[Event "10th Vellmar Chess Days"]
[Site "chess24.com"]
[Date "2018.07.14"]
[Round "4.27"]
[White "Hagedorn, Alfons"]
[Black "Hofschlag, Dirk"]
[Result "1-0"]
[WhiteElo "1922"]
[BlackElo "1708"]
[PlyCount "51"]
[EventDate "2018.??.??"]
[WhiteTeam "Deutschland"]
[BlackTeam "Deutschland"]
[WhiteTeamCountry "GER"]
[BlackTeamCountry "GER"]
[WhiteClock "1:30:30"]
[BlackClock "1:30:30"]

1. e4 d6 2. d4 b6 3. Nf3 Nf6 4. Nc3 Nbd7 5. Bc4 e6 6. e5 Ng8 7. O-O Bb7 8. Re1
dxe5 9. dxe5 h6 10. Qe2 c6 11. Bf4 Bb4 12. Ne4 Kf8 13. c3 Be7 14. Rad1 Qc8 15.
Nd4 a6 16. Nxe6+ fxe6 17. Bxe6 Nc5 18. Bxc8 Bxc8 19. Nxc5 Bxc5 20. Qf3 Ne7 21.
Rd8+ Kf7 22. Rxh8 Bg4 23. e6+ Kf6 24. Be5+ Kg5 25. Qf4+ Kh4 26. g3+ 1-0

[Event "10th Vellmar Chess Days"]
[Site "chess24.com"]
[Date "2018.07.14"]
[Round "4.28"]
[White "Ruhl, Marcel"]
[Black "Gerhardt, Dirk"]
[Result "1-0"]
[WhiteElo "1721"]
[BlackElo "1904"]
[PlyCount "55"]
[EventDate "2018.??.??"]
[WhiteTeam "Deutschland"]
[BlackTeam "Deutschland"]
[WhiteTeamCountry "GER"]
[BlackTeamCountry "GER"]
[WhiteClock "1:30:30"]
[BlackClock "1:30:30"]

1. d4 d5 2. c4 e6 3. Nc3 f5 4. Nf3 Nf6 5. Bf4 c6 6. e3 Be7 7. Be2 O-O 8. O-O
Nbd7 9. c5 Ne4 10. Nxe4 dxe4 11. Ne5 Bf6 12. Nxd7 Bxd7 13. Bd6 Re8 14. Qb3 b5
15. a4 a6 16. f4 Kh8 17. Bh5 g6 18. Be2 Rg8 19. Be5 Qe7 20. Qc3 g5 21. g3 gxf4
22. exf4 Kg7 23. b4 Rgc8 24. a5 Be8 25. Kf2 Bxe5 26. dxe5 Rd8 27. Rad1 Rd7 28.
Rd6 1-0

[Event "10th Vellmar Chess Days"]
[Site "chess24.com"]
[Date "2018.07.14"]
[Round "4.29"]
[White "Simukov, Erik"]
[Black "Weber, Andreas"]
[Result "1/2-1/2"]
[WhiteElo "1813"]
[BlackElo "1693"]
[PlyCount "68"]
[EventDate "2018.??.??"]
[WhiteTeam "Deutschland"]
[BlackTeam "Deutschland"]
[WhiteTeamCountry "GER"]
[BlackTeamCountry "GER"]
[WhiteClock "1:30:30"]
[BlackClock "1:30:30"]

1. e4 e5 2. Nf3 Nc6 3. Bb5 a6 4. Ba4 Nf6 5. O-O Be7 6. Re1 b5 7. Bb3 O-O 8. c3
d5 9. exd5 Nxd5 10. Nxe5 Nxe5 11. Rxe5 c6 12. d3 Bd6 13. Re1 Bf5 14. Nd2 Bxd3
15. Ne4 Bxh2+ 16. Kh1 Bxe4 17. Rxe4 Bc7 18. Qf3 Qd6 19. g3 Rae8 20. Bc2 Qf6 21.
Qe2 Re6 22. Bd2 Rfe8 23. Kg2 Qe7 24. Re1 Nf6 25. Rxe6 Qxe6 26. Qd3 Qd5+ 27.
Qxd5 cxd5 28. Rxe8+ Nxe8 29. Bb3 Nf6 30. Be3 Kf8 31. Bc5+ Ke8 32. Bd4 Ke7 33.
Bxf6+ Kxf6 34. Bxd5 a5 1/2-1/2

[Event "10th Vellmar Chess Days"]
[Site "chess24.com"]
[Date "2018.07.14"]
[Round "4.30"]
[White "Werner, Rosalie"]
[Black "Reitz, Theresa"]
[Result "0-1"]
[WhiteElo "1564"]
[BlackElo "1879"]
[PlyCount "82"]
[EventDate "2018.??.??"]
[WhiteTeam "Deutschland"]
[BlackTeam "Deutschland"]
[WhiteTeamCountry "GER"]
[BlackTeamCountry "GER"]
[WhiteClock "1:30:30"]
[BlackClock "1:30:30"]

1. e4 c5 2. Nf3 e6 3. d4 cxd4 4. Nxd4 Bc5 5. Nb3 Bb6 6. Nc3 Ne7 7. Bd3 O-O 8.
O-O Nbc6 9. Re1 f5 10. Bg5 Bxf2+ 11. Kxf2 fxe4+ 12. Kg1 exd3 13. Qxd3 d5 14.
Rad1 h6 15. Bxe7 Nxe7 16. Ne4 a5 17. Nec5 Qb6 18. a4 Rf5 19. Qb5 Qxb5 20. axb5
e5 21. Nd4 Rh5 22. h3 Ng6 23. Nde6 b6 24. Nc7 Ra7 25. N5e6 Bxe6 26. Nxe6 Rd7
27. Rf1 Rd6 28. Nc7 Nf4 29. Rfe1 Rg5 30. Kh1 Nxg2 31. Nxd5 Rxd5 32. Rxd5 Nxe1
33. Rd6 e4 34. Rd2 e3 35. Re2 Nf3 36. Rg2 e2 37. Rxg5 e1=Q+ 38. Kg2 Qe2+ 39.
Kg3 hxg5 40. Kg4 g6 41. h4 Qg2# 0-1

[Event "10th Vellmar Chess Days"]
[Site "chess24.com"]
[Date "2018.07.14"]
[Round "4.31"]
[White "Silini, Jalel"]
[Black "Haack, Kevin"]
[Result "1/2-1/2"]
[WhiteElo "1702"]
[BlackElo "1869"]
[PlyCount "80"]
[EventDate "2018.??.??"]
[WhiteTeam "Deutschland"]
[BlackTeam "Deutschland"]
[WhiteTeamCountry "GER"]
[BlackTeamCountry "GER"]
[WhiteClock "1:30:30"]
[BlackClock "1:30:30"]

1. e4 c5 2. Nf3 g6 3. d4 cxd4 4. Nxd4 Nf6 5. Nc3 d6 6. Be2 Bg7 7. O-O O-O 8.
Be3 Nc6 9. Qd2 d5 10. Nxc6 bxc6 11. Rad1 Bb7 12. exd5 Nxd5 13. Nxd5 cxd5 14. c3
Qc7 15. Bh6 Rad8 16. Bxg7 Kxg7 17. a3 e5 18. Rfe1 Rfe8 19. Bf1 Bc6 20. b4 Bd7
21. Rc1 Bf5 22. Bd3 Qc8 23. Bxf5 Qxf5 24. Qe3 d4 25. cxd4 exd4 26. Qxe8 Rxe8
27. Rxe8 Qd3 28. Ra1 Qc3 29. Ree1 d3 30. Rec1 Qe5 31. h3 d2 32. Rd1 Qe2 33. a4
Kf6 34. b5 Ke5 35. a5 Qxb5 36. Rxd2 Qb4 37. Rdd1 f5 38. a6 h5 39. Rd7 Qb6 40.
Rb7 Qc5 1/2-1/2

[Event "10th Vellmar Chess Days"]
[Site "chess24.com"]
[Date "2018.07.14"]
[Round "4.32"]
[White "Koronowski, Heinz-Juergen"]
[Black "Boder, Jan"]
[Result "0-1"]
[WhiteElo "1759"]
[BlackElo "1848"]
[PlyCount "106"]
[EventDate "2018.??.??"]
[WhiteTeam "Deutschland"]
[BlackTeam "Deutschland"]
[WhiteTeamCountry "GER"]
[BlackTeamCountry "GER"]
[WhiteClock "1:30:30"]
[BlackClock "1:30:30"]

1. e4 c5 2. Nc3 g6 3. f4 Bg7 4. Nf3 e6 5. Bc4 Ne7 6. O-O O-O 7. a4 d5 8. exd5
exd5 9. Ba2 Nbc6 10. Ne2 Re8 11. Kh1 Nb4 12. d4 Nxa2 13. Rxa2 c4 14. Ng3 Nf5
15. Nxf5 Bxf5 16. c3 Re6 17. b4 cxb3 18. Qxb3 Bd3 19. Rff2 Bc4 20. Qd1 Bxa2 21.
Rxa2 Qc7 22. Qd3 Rae8 23. Bd2 Ra6 24. Qb5 Qc6 25. Qxc6 Rxc6 26. Kg1 Rb6 27. Kf2
f6 28. g3 Kf7 29. a5 Ra6 30. Rb2 b6 31. axb6 Rxb6 32. Ra2 Rb7 33. Ne1 Bf8 34.
Nd3 Ra8 35. Ra5 Rd7 36. g4 h6 37. h4 h5 38. g5 a6 39. gxf6 Kxf6 40. Ne5 Rd6 41.
c4 dxc4 42. Nxc4 Re6 43. Ne5 Bd6 44. Kf3 Bxe5 45. fxe5+ Kf5 46. Bf4 Rb6 47. Ra3
Rb5 48. Ra1 a5 49. Rg1 Rg8 50. Rg5+ Ke6 51. Ke4 a4 52. Rg1 a3 53. Ra1 Ra8 0-1

[Event "10th Vellmar Chess Days"]
[Site "chess24.com"]
[Date "2018.07.14"]
[Round "4.33"]
[White "Kuschel, Heidi"]
[Black "Woellenstein, Sebastian"]
[Result "0-1"]
[WhiteElo "1734"]
[BlackElo "1786"]
[PlyCount "144"]
[EventDate "2018.??.??"]
[WhiteTeam "Deutschland"]
[BlackTeam "Deutschland"]
[WhiteTeamCountry "GER"]
[BlackTeamCountry "GER"]
[WhiteClock "1:30:30"]
[BlackClock "1:30:30"]

1. Nf3 c5 2. g3 g6 3. Bg2 Bg7 4. O-O Nc6 5. c4 e6 6. e3 Nge7 7. Nc3 O-O 8. d4
cxd4 9. exd4 d5 10. cxd5 Nxd5 11. Nxd5 Qxd5 12. Be3 Rd8 13. Ne5 Qb5 14. a4 Qa6
15. Nxc6 bxc6 16. Qc2 Bb7 17. Rfd1 c5 18. dxc5 Bxg2 19. Kxg2 Qb7+ 20. c6 Qxb2
21. Rxd8+ Rxd8 22. Qxb2 Bxb2 23. Rb1 Be5 24. Bxa7 Rc8 25. Rc1 Kf8 26. Bc5+ Ke8
27. Bb4 Kd8 28. f4 Bc7 29. Rc4 Bb6 30. Bd6 Ra8 31. Kf3 Ra5 32. g4 Rd5 33. Bb4
Rd3+ 34. Kg2 Rb3 35. Bc3 Ra3 36. Be5 Rd3 37. Bc3 Kc8 38. a5 Ba7 39. a6 Re3 40.
Bd4 Re4 41. Bxa7 Rxc4 42. Bb6 Rxc6 43. a7 Kb7 44. Be3 Rc2+ 45. Kg3 f5 46. g5
Ra2 47. h4 Kc6 48. Kf3 Kd5 49. Bf2 Ra3+ 50. Be3 Kc4 51. Ke2 Ra2+ 52. Kf3 Kd3
53. Bc5 Kc2 54. Be3 Kd1 55. Bf2 Ra3+ 56. Kg2 Ke2 57. Bc5 Ra2 58. Bf2 Ra4 59.
Bc5 Kd3 60. Kf3 Kc4 61. Bg1 Kd5 62. Bf2 e5 63. fxe5 Kxe5 64. Bg3+ f4 65. Bf2
Ra3+ 66. Kg4 Ke4 67. h5 gxh5+ 68. Kxh5 Kf3 69. Bc5 Ra6 70. a8=Q+ Rxa8 71. Kh6
Kg4 72. Be7 Ra5 0-1

[Event "10th Vellmar Chess Days"]
[Site "chess24.com"]
[Date "2018.07.14"]
[Round "5.1"]
[White "Hahn, Markus"]
[Black "Pap, Misa"]
[Result "0-1"]
[WhiteElo "2263"]
[BlackElo "2473"]
[PlyCount "76"]
[EventDate "2018.??.??"]
[WhiteTeam "Deutschland"]
[BlackTeam "Serbien"]
[WhiteTeamCountry "GER"]
[BlackTeamCountry "SRB"]
[WhiteClock "0:01:39"]
[BlackClock "0:01:55"]

1. d4 Nf6 2. c4 c5 3. d5 b5 4. Nf3 b4 5. a3 Na6 6. axb4 Nxb4 7. Nc3 d6 8. e4 g6
9. Be2 Bg7 10. O-O O-O 11. h3 a5 12. Re1 Nd7 13. Ra3 Nb6 14. Bd2 h6 15. Qc1 Kh7
16. Nd1 e5 17. dxe6 fxe6 18. e5 dxe5 19. Re3 Qc7 20. Qb1 Bb7 21. Nc3 Rad8 22.
Bc1 Rf4 23. Ne4 Kg8 24. Bf1 Nd7 25. Ned2 g5 26. b3 Rdf8 27. Bb2 Nc6 28. Bd3 Nd4
29. Be4 Bxe4 30. Rxe4 Qb7 31. Bc3 Ra8 32. Nh2 a4 33. bxa4 Qxb1 34. Rxb1 Rxa4
35. Re3 Ra2 36. Nhf1 Rc2 37. Ng3 Nf6 38. Nge4 Nxe4 0-1

[Event "10th Vellmar Chess Days"]
[Site "chess24.com"]
[Date "2018.07.14"]
[Round "5.2"]
[White "Spiess, Gunter"]
[Black "Nilsson, Anders 1976"]
[Result "1/2-1/2"]
[WhiteElo "2422"]
[BlackElo "2228"]
[PlyCount "34"]
[EventDate "2018.??.??"]
[WhiteTeam "Deutschland"]
[BlackTeam "Schweden"]
[WhiteTeamCountry "GER"]
[BlackTeamCountry "SWE"]
[WhiteClock "0:22:06"]
[BlackClock "0:29:28"]

1. Nf3 e6 2. c4 Nf6 3. g3 d5 4. Bg2 dxc4 5. Qa4+ Bd7 6. Qxc4 c5 7. Ne5 Qc8 8.
O-O Nc6 9. Nxd7 Qxd7 10. Nc3 Be7 11. a3 Rc8 12. Qa4 Nd5 13. Rb1 O-O 14. d3 b5
15. Qd1 Nc7 16. Be3 Rfd8 17. Ne4 Nd4 1/2-1/2

[Event "10th Vellmar Chess Days"]
[Site "chess24.com"]
[Date "2018.07.14"]
[Round "5.3"]
[White "Reitz, Philipp"]
[Black "Wenninger, Philipp"]
[Result "0-1"]
[WhiteElo "1990"]
[BlackElo "2371"]
[PlyCount "82"]
[EventDate "2018.??.??"]
[WhiteTeam "Deutschland"]
[BlackTeam "Deutschland"]
[WhiteTeamCountry "GER"]
[BlackTeamCountry "GER"]
[WhiteClock "0:07:40"]
[BlackClock "0:10:11"]

1. e4 c6 2. d4 d5 3. Nc3 dxe4 4. Nxe4 Bf5 5. Ng3 Bg6 6. Nf3 Nd7 7. h4 h6 8. h5
Bh7 9. Bd3 Bxd3 10. Qxd3 e6 11. Bd2 Ngf6 12. O-O-O Be7 13. Ne4 O-O 14. Nxf6+
Nxf6 15. Ne5 c5 16. Bc3 Nd5 17. dxc5 Bxc5 18. Qg3 Bd6 19. f4 Rc8 20. Bd4 Qc7
21. c3 f6 22. Ng6 Bxf4+ 23. Nxf4 Nxf4 24. Kb1 b6 25. Qg4 f5 26. Qf3 e5 27. Be3
Ne6 28. Qd5 Rce8 29. g3 Kh8 30. Rhf1 Re7 31. Qd6 f4 32. gxf4 exf4 33. Qxc7 Rxc7
34. Bc1 Rf6 35. Rf3 Rc5 36. Rh1 Rff5 37. Re1 Rce5 38. Rxe5 Rxe5 39. Rf2 Kg8 40.
Bxf4 Nxf4 41. Rxf4 Rxh5 0-1

[Event "10th Vellmar Chess Days"]
[Site "chess24.com"]
[Date "2018.07.14"]
[Round "5.4"]
[White "Euler, Gerd"]
[Black "Dorst, Johannes"]
[Result "0-1"]
[WhiteElo "2307"]
[BlackElo "2217"]
[PlyCount "144"]
[EventDate "2018.??.??"]
[WhiteTeam "Deutschland"]
[BlackTeam "Deutschland"]
[WhiteTeamCountry "GER"]
[BlackTeamCountry "GER"]
[WhiteClock "0:52:20"]
[BlackClock "0:07:57"]

1. c4 Nf6 2. d4 c5 3. Nf3 cxd4 4. Nxd4 e5 5. Nb5 d5 6. cxd5 Bc5 7. e3 O-O 8.
Be2 e4 9. O-O Bf5 10. N1c3 a6 11. Nd4 Bg6 12. b4 Bxb4 13. Qb3 Bxc3 14. Qxc3
Qxd5 15. Bb2 Nbd7 16. Rfc1 Ne5 17. Ba3 Rfe8 18. Qc7 Nd3 19. Rcb1 b5 20. Nc6 Kh8
21. Ne7 Qe6 22. Nxg6+ hxg6 23. Bb2 Rac8 24. Qg3 Rc2 25. Bxd3 exd3 26. Bd4 Rxa2
27. Rxa2 Qxa2 28. Ra1 Qe2 29. Qf3 Qxf3 30. gxf3 Nd5 31. Kf1 Rc8 32. Ke1 Nb4 33.
Rb1 Rc4 34. Bb6 Nd5 35. Ba5 Ra4 36. Bd2 Ra3 37. Bc1 Ra2 38. Rb3 Re2+ 39. Kd1
Rxf2 40. Rxd3 Rf1+ 41. Kd2 Nb6 42. e4 Rf2+ 43. Kc3 Rxh2 44. Bf4 Rh3 45. Kd4 Nc4
46. Kc5 g5 47. Bc7 Kh7 48. Kd4 Kg6 49. Rd1 Rxf3 50. Ra1 Ra3 51. Rg1 f6 52. Bd8
Ne5 53. Kc5 Rc3+ 54. Kb6 Rc6+ 55. Kb7 Re6 56. Bb6 Nc4 57. Bc5 Nd6+ 58. Kc6
Nxe4+ 59. Kd7 Nxc5+ 60. Kd8 Re5 61. Kc7 b4 62. Kb6 b3 63. Ka5 b2 64. Kb4 Nd3+
65. Ka4 Re1 66. Rg2 Ra1+ 67. Kb3 b1=Q+ 68. Kc4 Qb4+ 69. Kd5 Nf4+ 70. Kc6 Nxg2
71. Kd7 Rd1+ 72. Ke8 Qe4+ 0-1

[Event "10th Vellmar Chess Days"]
[Site "chess24.com"]
[Date "2018.07.14"]
[Round "5.5"]
[White "Kersten, Uwe"]
[Black "Henrich, Thomas"]
[Result "1/2-1/2"]
[WhiteElo "2237"]
[BlackElo "2179"]
[PlyCount "37"]
[EventDate "2018.??.??"]
[WhiteTeam "Deutschland"]
[BlackTeam "Deutschland"]
[WhiteTeamCountry "GER"]
[BlackTeamCountry "GER"]
[WhiteClock "0:41:37"]
[BlackClock "1:05:09"]

1. e4 e6 2. d4 d5 3. Nd2 Be7 4. Ngf3 Nf6 5. e5 Nfd7 6. Bd3 c5 7. c3 Nc6 8. O-O
a5 9. Re1 a4 10. Nf1 a3 11. b3 cxd4 12. cxd4 Nb4 13. Bb1 Nb8 14. h4 Bxh4 15.
Nxh4 Qxh4 16. g3 Qe7 17. Qg4 f5 18. exf6 Qxf6 19. Bg5 1/2-1/2

[Event "10th Vellmar Chess Days"]
[Site "chess24.com"]
[Date "2018.07.14"]
[Round "5.6"]
[White "Meyner, Hannes"]
[Black "Weber, Samuel"]
[Result "1-0"]
[WhiteElo "2170"]
[BlackElo "2197"]
[PlyCount "71"]
[EventDate "2018.??.??"]
[WhiteTeam "Deutschland"]
[BlackTeam "Deutschland"]
[WhiteTeamCountry "GER"]
[BlackTeamCountry "GER"]
[WhiteClock "0:33:35"]
[BlackClock "0:52:26"]

1. d4 Nf6 2. c4 e6 3. Nc3 c5 4. d5 exd5 5. cxd5 d6 6. Nf3 g6 7. Bf4 a6 8. e4 b5
9. Bd3 Bg7 10. O-O O-O 11. h3 Re8 12. Re1 Ra7 13. Rc1 Rae7 14. a3 Qb6 15. b4 c4
16. Bb1 Nbd7 17. Be3 Qb8 18. Nd4 Bb7 19. a4 a5 20. Ncxb5 Nxe4 21. Nc6 Bxc6 22.
dxc6 Nb6 23. Bxe4 Rxe4 24. c7 Qb7 25. Nxd6 Qxc7 26. Nxe4 Rxe4 27. bxa5 Nc8 28.
Qd5 Nd6 29. Bb6 Rxe1+ 30. Rxe1 Qb8 31. Rd1 Bf8 32. Bc5 c3 33. Bxd6 Bxd6 34.
Qxd6 Qb2 35. Qf6 c2 36. Rd8# 1-0

[Event "10th Vellmar Chess Days"]
[Site "chess24.com"]
[Date "2018.07.14"]
[Round "5.7"]
[White "Reichenbaecher, Thomas"]
[Black "Hahn, Florian"]
[Result "0-1"]
[WhiteElo "1966"]
[BlackElo "2189"]
[PlyCount "76"]
[EventDate "2018.??.??"]
[WhiteTeam "Deutschland"]
[BlackTeam "Deutschland"]
[WhiteTeamCountry "GER"]
[BlackTeamCountry "GER"]
[WhiteClock "0:23:38"]
[BlackClock "0:08:03"]

1. c4 c5 2. Nf3 Nc6 3. g3 g6 4. Bg2 Bg7 5. Nc3 e5 6. a3 a5 7. d3 Nge7 8. O-O
O-O 9. Ne1 d6 10. Nc2 Be6 11. Nd5 h6 12. Rb1 f5 13. Bd2 a4 14. Nce3 f4 15.
Nxe7+ Nxe7 16. Nd5 Nxd5 17. cxd5 Bg4 18. f3 Bd7 19. Be1 b5 20. Bf2 Qf6 21. e4
fxe3 22. Bxe3 Rae8 23. Kh1 g5 24. Qd2 Bf5 25. Rbd1 Qe7 26. Bg1 Bg6 27. Rde1 Qd7
28. Rf2 Qf5 29. Rd1 Bf7 30. f4 exf4 31. gxf4 g4 32. Be4 Bxd5 33. Rg2 Rxe4 34.
dxe4 Bxe4 35. Qxd6 Bxg2+ 36. Kxg2 Qe4+ 37. Kf1 Rxf4+ 38. Bf2 Qh1+ 0-1

[Event "10th Vellmar Chess Days"]
[Site "chess24.com"]
[Date "2018.07.14"]
[Round "5.8"]
[White "Hoffmann, Sebastian"]
[Black "Brockhoff, Moritz"]
[Result "0-1"]
[WhiteElo "2174"]
[BlackElo "1927"]
[PlyCount "100"]
[EventDate "2018.??.??"]
[WhiteTeam "Deutschland"]
[BlackTeam "Deutschland"]
[WhiteTeamCountry "GER"]
[BlackTeamCountry "GER"]
[WhiteClock "0:11:01"]
[BlackClock "0:28:12"]

1. e4 e6 2. Qe2 Nf6 3. g3 Be7 4. Bg2 d5 5. d3 c5 6. Nf3 Nc6 7. O-O O-O 8. e5
Nd7 9. c4 Qc7 10. Bf4 dxc4 11. dxc4 Nd4 12. Nxd4 cxd4 13. Nd2 g5 14. Qg4 h5 15.
Qxh5 gxf4 16. Be4 f5 17. Qg6+ Kh8 18. Qh6+ Kg8 19. Qxe6+ Rf7 20. Bd5 Nxe5 21.
Qh6 Qd6 22. Qxd6 Bxd6 23. Nb3 d3 24. c5 Bc7 25. Rad1 Bd7 26. gxf4 Bc6 27. Bxf7+
Kxf7 28. f3 Nxf3+ 29. Kf2 Nxh2 30. Rfe1 Bxf4 31. Nd4 Ng4+ 32. Kg1 Be3+ 33. Rxe3
Nxe3 34. Rxd3 Rg8+ 35. Kf2 f4 36. Nxc6 bxc6 37. Rd7+ Ke6 38. Rd6+ Ke5 39. Rxc6
Rg2+ 40. Kf3 Rxb2 41. Ra6 Rb7 42. Ra4 Nd5 43. Re4+ Kf5 44. Rd4 Ke6 45. c6 Rc7
46. Ke4 Rxc6 47. Rxd5 Rc4+ 48. Rd4 Rxd4+ 49. Kxd4 Kf5 50. a4 Kg4 0-1

[Event "10th Vellmar Chess Days"]
[Site "chess24.com"]
[Date "2018.07.14"]
[Round "5.9"]
[White "Koenig, Friedrich Theodor"]
[Black "Weiss, Jochen"]
[Result "1/2-1/2"]
[WhiteElo "1833"]
[BlackElo "2145"]
[PlyCount "74"]
[EventDate "2018.??.??"]
[WhiteTeam "Deutschland"]
[BlackTeam "Deutschland"]
[WhiteTeamCountry "GER"]
[BlackTeamCountry "GER"]
[WhiteClock "1:30:30"]
[BlackClock "1:30:30"]

1. Nf3 d5 2. g3 Nf6 3. Bg2 e6 4. d3 Be7 5. Nbd2 O-O 6. O-O c5 7. e4 Nc6 8. Re1
Qc7 9. Qe2 b5 10. e5 Nd7 11. Nf1 f6 12. Bf4 fxe5 13. Nxe5 Ndxe5 14. Bxe5 Nxe5
15. Qxe5 Bd6 16. Qh5 g6 17. Qe2 Rb8 18. h4 Qf7 19. Ne3 Bd7 20. Ng4 Qg7 21. Ne5
Rbe8 22. Bh3 Bc8 23. f4 a6 24. a4 b4 25. b3 Qf6 26. Kh2 Kh8 27. Qg4 Kg7 28. Re2
h5 29. Qg5 Qxg5 30. hxg5 Bxe5 31. Rxe5 Kf7 32. Rae1 a5 33. Kg1 Re7 34. f5 gxf5
35. Bxf5 Rfe8 36. Bh7 Kg7 37. Bf5 Kf7 1/2-1/2

[Event "10th Vellmar Chess Days"]
[Site "chess24.com"]
[Date "2018.07.14"]
[Round "5.10"]
[White "Ruhl, Moritz"]
[Black "Toepfer, Albrecht"]
[Result "1-0"]
[WhiteElo "1783"]
[BlackElo "2077"]
[PlyCount "67"]
[EventDate "2018.??.??"]
[WhiteTeam "Deutschland"]
[BlackTeam "Deutschland"]
[WhiteTeamCountry "GER"]
[BlackTeamCountry "GER"]
[WhiteClock "1:30:30"]
[BlackClock "1:30:30"]

1. d4 Nf6 2. c4 c5 3. d5 b5 4. cxb5 a6 5. bxa6 g6 6. g3 Bg7 7. Bg2 d6 8. Nc3
Bxa6 9. Nf3 Nbd7 10. Rb1 O-O 11. O-O Qa5 12. Bd2 Bb7 13. Nh4 Qa6 14. b3 e6 15.
dxe6 fxe6 16. Bxb7 Qxb7 17. a4 d5 18. Qc1 d4 19. Nb5 Qb6 20. Nf3 Ne4 21. Bh6
Nd6 22. Bxg7 Kxg7 23. Nxd6 Qxd6 24. Qb2 Rxf3 25. exf3 Ne5 26. Qe2 Qd5 27. Kg2
Rf8 28. Qe4 Nxf3 29. Qxd5 exd5 30. Rbc1 d3 31. Rxc5 d4 32. Rc7+ Kh6 33. Rd1 d2
34. a5 1-0

[Event "10th Vellmar Chess Days"]
[Site "chess24.com"]
[Date "2018.07.14"]
[Round "5.11"]
[White "Lesny, Florian"]
[Black "Retzlaff, Thomas"]
[Result "1-0"]
[WhiteElo "2066"]
[BlackElo "1879"]
[PlyCount "51"]
[EventDate "2018.??.??"]
[WhiteTeam "Deutschland"]
[BlackTeam "Deutschland"]
[WhiteTeamCountry "GER"]
[BlackTeamCountry "GER"]
[WhiteClock "1:30:30"]
[BlackClock "1:30:30"]

1. e4 d5 2. exd5 Nf6 3. d4 Bg4 4. Be2 Bxe2 5. Qxe2 Qxd5 6. Nf3 e6 7. O-O Nc6 8.
c4 Qe4 9. Be3 O-O-O 10. Nc3 Qf5 11. Rad1 h6 12. Rd2 g5 13. Rfd1 a6 14. d5 exd5
15. cxd5 Ne5 16. Nxe5 Qxe5 17. Bd4 Qf5 18. Qe5 Qxe5 19. Bxe5 Bg7 20. d6 cxd6
21. Bxd6 Rhe8 22. Na4 b6 23. Rc2+ Kd7 24. Bc7+ Ke7 25. Bxd8+ Rxd8 26. Re2+ 1-0